01977nam a2200277 a 4500001001000000003000900010005001700019007000300036008004100039020001500080040002500095082002500120100002800145245004600173260005900219300002100278500005300299505094500352590002601297910000701323942001401330952009701344952011501441952012601556999001701682000047501DO-SdBNP20240925135836.0ta180608s1984 dr 000 spa d a9681678327 aDO-SdBNPbspacBNPHU 4222bG557ca972.930541 aGleijeses, Piero96416013aLa crisis Dominicana. /cPiero Gleijeses. aMéxico, D.F. :bFondo de Cultura Económica,c1984. a470 p. ;c24 cm. aLa biblioteca posee la 1ra. reimprsión de 1985 aBosquejo de la historia dominicana desde el Descubrimiento hasta la muerte de Trujillo (30-V-1961) 15|Nicaraguización o democratización? desde la muerte de Trujillo (30-V-1961) hasta el establecimiento del segundo Consejo de Estado (18-I-1962) 44|El gobierno provisional del Consejo de Estado (18-I-1962 / 25-IX-1963) y el gobierno Constitucional de Juan Bosch 77|El Triunvirato (25-IX-1963 / 24-IV-1965) 118|El contragolpe (24-IV-1965, de mediodía a medianoche) 168|Del contragolpe a la guerra civil (25-IV-1965, desde medianoche a las cuatro de la tarde) 184|El balance de fuerzas al comienzo de la guerra civil (La noche del 25 de abril) 203|La guerra civil (hasta el amanecer del 27 de abril) 226|Fracasa la jugada de San Isidro (Del amanecer del 27 de abril a la tarde del 28 de abril) 243|El triunfo del poder (La solución de la crisis. Su secuela inmediata: el Gobierno provisional de García Godoy) 261|La Pax Americana 261 aInventariado, 2022/BT aDG 2ddccLBS1 00102ddc51708PDaBNPHUbBNPHUcHDd2018-06-08o p47501-10r2020-06-25w2020-06-25yLBS1 00102ddc51708PDaBNPHUbBNPHUcCTd2022-06-21eDonaciónl0p2022-3094r2022-06-21te.2w2022-06-21yLBS1 00102ddc56708DSaBNPHUbBNPHUcCTd2023-01-13oBNPHU DS 972.93054 G557cp2023-0115r2023-01-13te.3w2023-01-13yLBS1 c46989d46989